| 000 | 00528nam a2200133Ia 4500 | ||
|---|---|---|---|
| 008 | 171207s9999 xx 000 0 und d | ||
| 100 | _aProyrungroj, Raweewan | ||
| 245 | _aOrphan Volunteer Tourism in Thailand: Volunteer Tourists’ Motivations And On-Site Experiences | ||
| 245 | _cRaweewan Proyrungroj | ||
| 260 | _c2017 | ||
| 300 | _apages 560-59, June 2017 | ||
| 440 |
_aJournal of Hospitality & Tourism Research _v41:5 |
||
| 650 | _aORPHAN VOLUNTEER TOURISM, VOLUNTEER TOURISTS, MOTIVATIONS, ON-SITE EXPERIENCES, THAILAND | ||
| 999 |
_c347586 _d347586 |
||